| 000 | 00752nam a2200217 i 4500 | ||
|---|---|---|---|
| 001 | 73267 | ||
| 003 | ES-MaACL | ||
| 005 | 20250722131734.0 | ||
| 007 | t| | ||
| 008 | 040923s1910 ck ||||1| spa d | ||
| 080 | _a821.134.2(861)-14"19" | ||
| 100 | 0 |
_aHispano, Cornelio. _963828 |
|
| 245 | 1 | 3 |
_aEl jardín de las Hespérides / _cde Cornelio Hispano (seud.). |
| 260 |
_aBogotá : _bJuan Casis, _c1910. |
||
| 300 |
_a4 h, 133 p. ; _c17 cm. |
||
| 530 | _aDisponible en formato digital. | ||
| 852 |
_aES-MaACL _jG-8827(1) _cSPP3 _hDedicatoria manuscrita del autor _xEncuadernacion en un volumen facticio |
||
| 856 | 4 |
_uhttp://bdh-rd.bne.es/viewer.vm?id=0000132348&page=1 _yBiblioteca Digital Hispánica |
|
| 942 | _2udc | ||
| 999 |
_c73267 _d73267 |
||